Primeros registros de Actinotaenium y Cosmarium (<desmidiaceae>) en lagos de la orilla colombiana del río Amazonas (Registro nro. 14520)

Detalles MARC
000 -CABECERA
Campo de control 004060000a22001210004500
090 ## - CLASIFICACIÓN LOCAL
Colección AS
Consecutivo Seriadas
041 0# - IDIOMA
Código de idioma para texto/pista de sonido o título separado
100 1# - ASIENTO PRINCIPAL--NOMBRE PERSONAL
Nombre personal Duque, Santiago R.
245 10 - MENCION DE TITULO
Título Primeros registros de Actinotaenium y Cosmarium (<desmidiaceae>) en lagos de la orilla colombiana del río Amazonas
700 1# - ASIENTO SECUNDARIO - NOMBRE PERSONAL
Nombre personal Donato R., John Charles
773 1# - Item fuente:
Título Caldasia
Especificación de materiales 45
Descripción física 2
Paginas del Articulo 203-210
Lugar, editorial y fecha de publicación 1996
Información sobre la relación 18
942 ## - ELEMENTOS ADICIONALES (KOHA)
Tipo de ítem Artículo

No hay ítems disponibles.